Ley 24467 /

Guardado en:
Formato: Libro
Publicado: : , 0
Materias:
Fc
Etiquetas: Agregar Etiqueta
Sin Etiquetas, Sea el primero en etiquetar este registro!
LEADER 00393nam a22001695a 4500
001 CEM.cems011276
005 20060214000000.0
008 130507b######################000#0#####d
003 CEMS
082 0 4 |a F340 
245 0 0 |a Ley 24467 / 
260 |a : , 0 
300 |a 9 p. 
653 |a Trabajo 
653 |a Pymes-ley 24467 
653 |a Fc 
859 |a CEMS  |b BIB. CEMS - 11 de abril  |h F340  |i 14  |p 1927.44  |t Ej.1